Statistics for Capital City Mystery Words

Click here to take the quiz!

General Stats

  • This quiz has been taken 902 times
    (760 since last reset)
  • The average score is 10 of 12

Answer Stats

Countries4-Letter Word% Correct
Norway, France, Ghana, PortugalOPAL
100%
Japan, Paraguay, Australia, NepalTACK
93%
Indonesia, Samoa, Iceland, SwedenJARS
91%
Denmark, Greece, Morocco, East TimorCARD
90%
Spain, Netherlands, Latvia, SudanMARK
90%
Ecuador, Mongolia, Pakistan, CroatiaQUIZ
90%
United Arab Emirates, Syria, Ireland, ChileADDS
89%
Jamaica, Mauritania, Canada, PolandKNOW
88%
Thailand, Madagascar, Bahamas, DjiboutiBAND
85%
Uruguay, Cameroon, Estonia, VietnamMYTH
78%
South Korea, Cuba, Burkina Faso, MauritiusSHOP
72%
Saint Lucia, Armenia, Bulgaria, IranCYST
71%

Score Distribution

Percentile by Number Answered

Percent of People with Each Score

Your Score History

You have not taken this quiz since the last reset